[Event "Irena Warakomska Memorial A"]
[Site "Suwalki"]
[Date "2021.08.01"]
[Round "7"]
[White "Schippers, Maurice"]
[Black "Maj, Pawel"]
[Result "1/2-1/2"]
[Board "25"]
[WhiteElo "2292"]
[WhiteTitle "FM"]
[WhiteCountry "NED"]
[WhiteFideId "1004735"]
[WhiteEloChange "-5"]
[BlackElo "2113"]
[BlackCountry "POL"]
[BlackFideId "21818290"]
[BlackEloChange "5"]

1. d4 {[%clk 1:30:45]} Nf6 {[%clk 1:30:48]} 2. g3 {[%clk 1:30:56]} g6 {[%clk
1:31:00]} 3. Bg2 {[%clk 1:31:13]} d5 {[%clk 1:31:23]} 4. Nf3 {[%clk 1:31:15]} Bg7
{[%clk 1:31:46]} 5. O-O {[%clk 1:31:40]} O-O {[%clk 1:32:10]} 6. c4 {[%clk
1:31:56]} c6 {[%clk 1:32:35]} 7. cxd5 {[%clk 1:31:53]} cxd5 {[%clk 1:33:00]} 8.
Nc3 {[%clk 1:32:17]} Nc6 {[%clk 1:30:11]} 9. Ne5 {[%clk 1:32:41]} Bf5 {[%clk
1:27:05]} 10. Nxc6 {[%clk 1:31:37]} bxc6 {[%clk 1:27:15]} 11. Na4 {[%clk
1:30:47]} Nd7 {[%clk 1:19:53]} 12. b3 {[%clk 1:25:41]} c5 {[%clk 1:11:58]} 13.
Bb2 {[%clk 1:01:35]} e6 {[%clk 0:57:40]} 14. Rc1 {[%clk 0:51:53]} Rc8 {[%clk
0:57:45]} 15. Qd2 {[%clk 0:40:51]} cxd4 {[%clk 0:46:39]} 16. Bxd4 {[%clk
0:40:46]} Bxd4 {[%clk 0:47:04]} 17. Qxd4 {[%clk 0:41:12]} Qa5 {[%clk 0:46:55]}
18. e4 {[%clk 0:40:22]} e5 {[%clk 0:43:52]} 19. Qxd5 {[%clk 0:37:58]} Qxd5 {[%clk
0:44:14]} 20. exd5 {[%clk 0:38:24]} e4 {[%clk 0:40:01]} 21. g4 {[%clk 0:28:13]}
Bxg4 {[%clk 0:40:21]} 22. Bxe4 {[%clk 0:28:37]} f5 {[%clk 0:39:16]} 23. Bg2
{[%clk 0:26:17]} f4 {[%clk 0:39:05]} 24. f3 {[%clk 0:22:38]} Bf5 {[%clk 0:39:26]}
25. Rfd1 {[%clk 0:19:26]} Rfe8 {[%clk 0:36:06]} 26. Bf1 {[%clk 0:15:55]} Rxc1
{[%clk 0:30:35]} 27. Rxc1 {[%clk 0:16:21]} Re3 {[%clk 0:30:58]} 28. Kf2 {[%clk
0:02:32]} Ne5 {[%clk 0:31:14]} 29. Be2 {[%clk 0:02:58]} Bd3 {[%clk 0:29:49]} 30.
Rc8+ {[%clk 0:03:00]} Kg7 {[%clk 0:30:09]} 31. Bd1 {[%clk 0:03:21]} Bf5 {[%clk
0:26:19]} 32. Rc7+ {[%clk 0:03:48]} Kf6 {[%clk 0:26:28]} 33. Nc5 {[%clk 0:02:46]}
Nd3+ {[%clk 0:20:34]} 34. Nxd3 {[%clk 0:02:59]} Rxd3 {[%clk 0:20:59]} 35. Ke2
{[%clk 0:03:06]} h5 {[%clk 0:12:21]} 36. h4 {[%clk 0:02:05]} Re3+ {[%clk
0:10:17]} 37. Kf2 {[%clk 0:02:20]} Rd3 {[%clk 0:10:31]} 38. Ke2 {[%clk 0:02:46]}
Re3+ {[%clk 0:10:58]} 39. Kd2 {[%clk 0:02:11]} Rd3+ {[%clk 0:10:36]} 40. Ke1
{[%clk 0:32:07]} Re3+ {[%clk 0:38:56]} 41. Kd2 {[%clk 0:28:08]} Rd3+ {[%clk
0:38:59]} 42. Kc1 {[%clk 0:28:27]} a5 {[%clk 0:33:03]} 43. Rc5 {[%clk 0:27:28]}
g5 {[%clk 0:32:57]} 44. Rc6+ {[%clk 0:21:01]} Ke5 {[%clk 0:32:46]} 45. hxg5
{[%clk 0:21:04]} h4 {[%clk 0:33:09]} 46. g6 {[%clk 0:13:07]} Rxd5 {[%clk
0:31:03]} 47. g7 {[%clk 0:13:32]} Rd8 {[%clk 0:30:56]} 48. Rh6 {[%clk 0:13:27]}
Rg8 {[%clk 0:30:08]} 49. Rxh4 {[%clk 0:13:53]} Rxg7 {[%clk 0:30:32]} 50. Rh2
{[%clk 0:09:43]} Rg1 {[%clk 0:26:31]} 51. Rd2 {[%clk 0:08:57]} Re1 {[%clk
0:25:55]} 52. a3 {[%clk 0:07:35]} Re3 {[%clk 0:25:58]} 53. Kb2 {[%clk 0:07:59]}
Be6 {[%clk 0:24:17]} 54. b4 {[%clk 0:05:36]} axb4 {[%clk 0:24:40]} 55. axb4
{[%clk 0:06:05]} Bd5 {[%clk 0:19:37]} 56. Re2 {[%clk 0:03:44]} 1/2-1/2

[Event "Irena Warakomska Memorial A"]
[Site "Suwalki"]
[Date "2021.08.01"]
[Round "7"]
[White "Jarocka, Liwia"]
[Black "Budrewicz, Krzysztof"]
[Result "0-1"]
[Board "26"]
[WhiteElo "1984"]
[WhiteTitle "FM"]
[WhiteCountry "POL"]
[WhiteFideId "21807558"]
[WhiteEloChange "-3"]
[BlackElo "2279"]
[BlackCountry "POL"]
[BlackFideId "1127950"]
[BlackEloChange "3"]

1. e4 {[%clk 1:30:51]} c5 {[%clk 1:30:42]} 2. Nf3 {[%clk 1:31:08]} e6 {[%clk
1:31:00]} 3. d4 {[%clk 1:31:31]} cxd4 {[%clk 1:31:24]} 4. Nxd4 {[%clk 1:31:55]}
Nf6 {[%clk 1:31:07]} 5. Nc3 {[%clk 1:32:13]} Nc6 {[%clk 1:31:31]} 6. Ndb5 {[%clk
1:31:48]} Bb4 {[%clk 1:31:26]} 7. a3 {[%clk 1:32:10]} Bxc3+ {[%clk 1:31:50]} 8.
Nxc3 {[%clk 1:32:35]} d5 {[%clk 1:31:44]} 9. exd5 {[%clk 1:32:50]} exd5 {[%clk
1:31:38]} 10. Bd3 {[%clk 1:33:06]} O-O {[%clk 1:31:53]} 11. O-O {[%clk 1:33:25]}
Bg4 {[%clk 1:30:32]} 12. Be2 {[%clk 1:24:53]} Bxe2 {[%clk 1:28:04]} 13. Nxe2
{[%clk 1:25:11]} Re8 {[%clk 1:26:29]} 14. Nd4 {[%clk 1:23:59]} Qb6 {[%clk
1:23:53]} 15. Nf5 {[%clk 1:16:25]} Re5 {[%clk 1:23:14]} 16. Qf3 {[%clk 1:09:47]}
Rae8 {[%clk 1:22:04]} 17. b4 {[%clk 1:03:56]} Re4 {[%clk 1:15:01]} 18. Bb2 {[%clk
0:58:03]} Ne5 {[%clk 1:11:10]} 19. Qg3 {[%clk 0:50:43]} Nh5 {[%clk 0:58:07]} 20.
Qg5 {[%clk 0:42:59]} g6 {[%clk 0:56:21]} 21. Nh6+ {[%clk 0:25:58]} Kf8 {[%clk
0:55:55]} 22. Kh1 {[%clk 0:26:20]} f6 {[%clk 0:53:53]} 23. Qd2 {[%clk 0:25:12]}
d4 {[%clk 0:47:02]} 24. Bc1 {[%clk 0:18:29]} Rh4 {[%clk 0:40:58]} 25. c3 {[%clk
0:16:38]} Qc7 {[%clk 0:39:47]} 26. f4 {[%clk 0:14:04]} Ng3+ {[%clk 0:39:45]} 27.
Kg1 {[%clk 0:14:30]} Nxf1 {[%clk 0:39:59]} 28. Kxf1 {[%clk 0:14:44]} dxc3 {[%clk
0:38:52]} 29. Qf2 {[%clk 0:14:25]} Qc4+ {[%clk 0:38:21]} 30. Kg1 {[%clk 0:14:45]}
Nd3 {[%clk 0:38:38]} 31. Qxh4 {[%clk 0:14:52]} Re1+ {[%clk 0:38:57]} 32. Qxe1
{[%clk 0:15:06]} Nxe1 {[%clk 0:39:23]} 33. Ng4 {[%clk 0:14:42]} Qe2 {[%clk
0:39:16]} 34. Nf2 {[%clk 0:14:57]} Nc2 {[%clk 0:39:28]} 0-1

[Event "Irena Warakomska Memorial A"]
[Site "Suwalki"]
[Date "2021.08.01"]
[Round "7"]
[White "Luberanski, Jakub"]
[Black "Parol, Pola"]
[Result "1/2-1/2"]
[Board "27"]
[WhiteElo "2274"]
[WhiteTitle "FM"]
[WhiteCountry "POL"]
[WhiteFideId "21830509"]
[WhiteEloChange "-4"]
[BlackElo "2111"]
[BlackTitle "WFM"]
[BlackCountry "POL"]
[BlackFideId "1163116"]
[BlackEloChange "4"]

1. e4 {[%clk 1:30:58]} c5 {[%clk 1:30:44]} 2. Nf3 {[%clk 1:31:24]} d6 {[%clk
1:31:07]} 3. d4 {[%clk 1:31:49]} cxd4 {[%clk 1:31:32]} 4. Nxd4 {[%clk 1:32:16]}
Nf6 {[%clk 1:31:55]} 5. Nc3 {[%clk 1:32:42]} a6 {[%clk 1:32:17]} 6. Be2 {[%clk
1:33:08]} e5 {[%clk 1:32:15]} 7. Nb3 {[%clk 1:33:33]} Be7 {[%clk 1:32:32]} 8. O-O
{[%clk 1:33:56]} O-O {[%clk 1:32:20]} 9. Be3 {[%clk 1:34:09]} Qc7 {[%clk
1:25:19]} 10. a4 {[%clk 1:29:37]} Be6 {[%clk 1:19:29]} 11. Qd2 {[%clk 1:28:12]}
Nbd7 {[%clk 1:14:42]} 12. Nd5 {[%clk 1:24:51]} Bxd5 {[%clk 1:02:10]} 13. exd5
{[%clk 1:25:13]} Nb6 {[%clk 1:00:57]} 14. Bxb6 {[%clk 1:10:46]} Qxb6 {[%clk
1:01:21]} 15. a5 {[%clk 1:09:53]} Qc7 {[%clk 0:59:23]} 16. c4 {[%clk 1:05:29]}
Rac8 {[%clk 0:53:09]} 17. Bd3 {[%clk 1:00:50]} Nd7 {[%clk 0:50:26]} 18. Bf5
{[%clk 0:53:35]} g6 {[%clk 0:47:44]} 19. Bxd7 {[%clk 0:53:58]} Qxd7 {[%clk
0:48:10]} 20. Qe2 {[%clk 0:53:13]} Bg5 {[%clk 0:43:53]} 21. Nc1 {[%clk 0:48:48]}
f5 {[%clk 0:37:10]} 22. f3 {[%clk 0:40:21]} Qc7 {[%clk 0:35:48]} 23. b3 {[%clk
0:39:27]} Qc5+ {[%clk 0:35:04]} 24. Kh1 {[%clk 0:39:45]} Qd4 {[%clk 0:22:29]} 25.
Na2 {[%clk 0:39:50]} Qh4 {[%clk 0:20:37]} 26. g3 {[%clk 0:38:07]} Qd4 {[%clk
0:20:43]} 27. Rfd1 {[%clk 0:32:21]} Qc5 {[%clk 0:19:59]} 28. Nc1 {[%clk 0:31:21]}
Rfe8 {[%clk 0:15:28]} 29. Nd3 {[%clk 0:31:30]} Qa7 {[%clk 0:14:15]} 30. Re1
{[%clk 0:27:39]} 1/2-1/2

[Event "Irena Warakomska Memorial A"]
[Site "Suwalki"]
[Date "2021.08.01"]
[Round "7"]
[White "Karolczuk, Iwo"]
[Black "Mulet, Piotr"]
[Result "1-0"]
[Board "28"]
[WhiteElo "2129"]
[WhiteCountry "POL"]
[WhiteFideId "21816972"]
[WhiteEloChange "12"]
[BlackElo "2215"]
[BlackTitle "FM"]
[BlackCountry "POL"]
[BlackFideId "1106244"]
[BlackEloChange "-12"]

1. e4 {[%clk 1:30:50]} e5 {[%clk 1:30:55]} 2. Nf3 {[%clk 1:30:53]} Nf6 {[%clk
1:31:21]} 3. Nxe5 {[%clk 1:31:06]} d6 {[%clk 1:31:43]} 4. Nf3 {[%clk 1:31:30]}
Nxe4 {[%clk 1:32:05]} 5. Nc3 {[%clk 1:31:49]} Nxc3 {[%clk 1:32:14]} 6. dxc3
{[%clk 1:32:11]} Be7 {[%clk 1:32:38]} 7. Be3 {[%clk 1:32:15]} O-O {[%clk
1:32:24]} 8. Qd2 {[%clk 1:32:17]} Nc6 {[%clk 1:32:00]} 9. O-O-O {[%clk 1:29:45]}
a6 {[%clk 1:27:08]} 10. Bd3 {[%clk 1:25:28]} Ne5 {[%clk 1:17:00]} 11. Nxe5 {[%clk
1:21:13]} dxe5 {[%clk 1:17:24]} 12. Qe2 {[%clk 1:16:49]} Qe8 {[%clk 1:12:51]} 13.
g4 {[%clk 1:10:26]} Qa4 {[%clk 0:50:04]} 14. Bc4 {[%clk 1:10:31]} b5 {[%clk
0:50:12]} 15. Bb3 {[%clk 1:07:20]} Qxg4 {[%clk 0:49:46]} 16. f3 {[%clk 1:07:08]}
Qh5 {[%clk 0:50:15]} 17. Bd5 {[%clk 1:06:46]} Be6 {[%clk 0:50:36]} 18. Bxa8
{[%clk 1:06:44]} Rxa8 {[%clk 0:50:57]} 19. Qg2 {[%clk 1:03:23]} c6 {[%clk
0:48:11]} 20. Rhg1 {[%clk 1:01:13]} g6 {[%clk 0:45:10]} 21. Kb1 {[%clk 0:54:57]}
Bd5 {[%clk 0:43:30]} 22. Rdf1 {[%clk 0:54:55]} f5 {[%clk 0:38:26]} 23. Qf2 {[%clk
0:51:03]} Bh4 {[%clk 0:37:38]} 24. Qg2 {[%clk 0:50:55]} Be7 {[%clk 0:35:58]} 25.
Qf2 {[%clk 0:50:56]} Rd8 {[%clk 0:35:57]} 26. Bb6 {[%clk 0:47:58]} Re8 {[%clk
0:35:52]} 27. f4 {[%clk 0:44:34]} Qh4 {[%clk 0:27:09]} 28. Qe3 {[%clk 0:40:48]}
Bd6 {[%clk 0:22:35]} 29. Bd4 {[%clk 0:37:30]} Bc4 {[%clk 0:22:29]} 30. Rf2 {[%clk
0:36:18]} e4 {[%clk 0:22:54]} 31. b3 {[%clk 0:32:04]} Bd5 {[%clk 0:23:03]} 32.
Qd2 {[%clk 0:27:01]} Qe7 {[%clk 0:16:38]} 33. Rg3 {[%clk 0:23:42]} Rd8 {[%clk
0:15:35]} 34. Rh3 {[%clk 0:16:49]} c5 {[%clk 0:08:56]} 35. Be3 {[%clk 0:16:34]}
Bf7 {[%clk 0:08:17]} 36. Qe1 {[%clk 0:14:11]} Qf6 {[%clk 0:08:09]} 37. Rd2 {[%clk
0:13:39]} Bf8 {[%clk 0:07:20]} 38. Rxd8 {[%clk 0:08:02]} Qxd8 {[%clk 0:07:44]}
39. Qd2 {[%clk 0:08:09]} Qxd2 {[%clk 0:07:36]} 40. Bxd2 {[%clk 0:38:34]} Bd6
{[%clk 0:36:57]} 41. Rg3 {[%clk 0:36:03]} h6 {[%clk 0:37:16]} 42. Rg2 {[%clk
0:35:36]} g5 {[%clk 0:35:58]} 43. fxg5 {[%clk 0:31:35]} h5 {[%clk 0:35:23]} 44.
Rf2 {[%clk 0:30:16]} Be6 {[%clk 0:35:38]} 45. Bf4 {[%clk 0:30:24]} Bf8 {[%clk
0:33:54]} 46. h4 {[%clk 0:28:56]} Bg7 {[%clk 0:34:21]} 47. Rd2 {[%clk 0:28:39]}
1-0

[Event "Irena Warakomska Memorial A"]
[Site "Suwalki"]
[Date "2021.08.01"]
[Round "7"]
[White "Sowul, Bartosz"]
[Black "Dwilewicz, Katarzyna"]
[Result "1-0"]
[Board "29"]
[WhiteElo "2186"]
[WhiteCountry "POL"]
[WhiteFideId "1137590"]
[WhiteEloChange "7"]
[BlackElo "2082"]
[BlackTitle "WFM"]
[BlackCountry "POL"]
[BlackFideId "1148486"]
[BlackEloChange "-7"]

1. e4 {[%clk 1:30:57]} c5 {[%clk 1:29:50]} 2. Nf3 {[%clk 1:31:21]} d6 {[%clk
1:29:47]} 3. d4 {[%clk 1:31:40]} cxd4 {[%clk 1:30:12]} 4. Nxd4 {[%clk 1:32:05]}
Nf6 {[%clk 1:30:39]} 5. Nc3 {[%clk 1:32:29]} a6 {[%clk 1:31:05]} 6. f3 {[%clk
1:32:49]} e5 {[%clk 1:30:49]} 7. Nb3 {[%clk 1:33:13]} Be6 {[%clk 1:31:13]} 8. Be3
{[%clk 1:33:38]} h5 {[%clk 1:31:31]} 9. Nd5 {[%clk 1:33:29]} Nxd5 {[%clk
1:18:49]} 10. exd5 {[%clk 1:33:53]} Bd7 {[%clk 1:07:37]} 11. Qd2 {[%clk 1:33:07]}
Be7 {[%clk 1:06:59]} 12. a4 {[%clk 1:21:02]} f5 {[%clk 0:56:01]} 13. f4 {[%clk
1:05:38]} e4 {[%clk 0:54:11]} 14. Qb4 {[%clk 1:03:17]} Bc8 {[%clk 0:46:51]} 15.
Bb6 {[%clk 1:01:53]} Qd7 {[%clk 0:46:45]} 16. Nd4 {[%clk 1:02:01]} Kf7 {[%clk
0:31:29]} 17. Ne6 {[%clk 0:41:41]} Nc6 {[%clk 0:29:30]} 18. Qc3 {[%clk 0:42:04]}
Bf6 {[%clk 0:29:14]} 19. Qb3 {[%clk 0:39:36]} Ne7 {[%clk 0:26:46]} 20. Bc4 {[%clk
0:39:41]} Ng6 {[%clk 0:25:33]} 21. O-O-O {[%clk 0:37:51]} Rb8 {[%clk 0:22:12]}
22. Kb1 {[%clk 0:34:16]} Nf8 {[%clk 0:19:01]} 23. h3 {[%clk 0:21:43]} Qe7 {[%clk
0:17:00]} 24. Bc7 {[%clk 0:17:31]} b5 {[%clk 0:16:28]} 25. Bxb8 {[%clk 0:14:53]}
bxc4 {[%clk 0:16:54]} 26. Qxc4 {[%clk 0:13:21]} Nxe6 {[%clk 0:16:55]} 27. dxe6+
{[%clk 0:13:44]} Bxe6 {[%clk 0:17:15]} 28. Qc7 {[%clk 0:13:57]} d5 {[%clk
0:16:45]} 29. Qxe7+ {[%clk 0:10:36]} Kxe7 {[%clk 0:16:17]} 30. Ba7 {[%clk
0:11:01]} g5 {[%clk 0:13:27]} 31. fxg5 {[%clk 0:07:47]} Bxg5 {[%clk 0:13:56]} 32.
Rhf1 {[%clk 0:03:33]} Rg8 {[%clk 0:13:02]} 33. Bc5+ {[%clk 0:02:51]} Kf7 {[%clk
0:12:14]} 34. b4 {[%clk 0:02:02]} Bf6 {[%clk 0:11:54]} 35. Bd4 {[%clk 0:00:50]}
Be7 {[%clk 0:11:01]} 36. b5 {[%clk 0:00:47]} axb5 {[%clk 0:11:18]} 37. axb5
{[%clk 0:01:12]} Bd6 {[%clk 0:08:52]} 38. b6 {[%clk 0:01:07]} Ke7 {[%clk
0:09:05]} 39. Rf2 {[%clk 0:00:56]} f4 {[%clk 0:09:27]} 40. c4 {[%clk 0:30:42]}
dxc4 {[%clk 0:31:14]} 41. b7 {[%clk 0:23:40]} e3 {[%clk 0:25:13]} 42. Rb2 {[%clk
0:22:38]} Bd5 {[%clk 0:24:51]} 43. Ka1 {[%clk 0:09:59]} Bxg2 {[%clk 0:05:22]} 44.
Rxg2 {[%clk 0:02:46]} Rxg2 {[%clk 0:05:44]} 45. Bc5 {[%clk 0:03:10]} Rd2 {[%clk
0:04:02]} 46. Bxd6+ {[%clk 0:03:31]} Rxd6 {[%clk 0:04:19]} 47. b8=Q {[%clk
0:03:49]} Rxd1+ {[%clk 0:04:45]} 48. Kb2 {[%clk 0:04:12]} Rf1 {[%clk 0:03:38]}
49. Qe5+ {[%clk 0:01:26]} Kf7 {[%clk 0:01:53]} 50. Kc3 {[%clk 0:00:51]} Rc1+
{[%clk 0:01:47]} 51. Kd4 {[%clk 0:01:06]} Rd1+ {[%clk 0:02:11]} 52. Ke4 {[%clk
0:01:02]} Rf1 {[%clk 0:02:12]} 53. Qxh5+ {[%clk 0:00:58]} Kf6 {[%clk 0:02:33]}
54. Qe5+ {[%clk 0:01:13]} Kg6 {[%clk 0:02:50]} 55. Qe6+ {[%clk 0:01:26]} Kg5
{[%clk 0:03:04]} 56. Qxc4 {[%clk 0:01:24]} Rf2 {[%clk 0:03:33]} 57. Qg8+ {[%clk
0:01:10]} Kf6 {[%clk 0:03:37]} 58. Qg1 {[%clk 0:00:55]} Rb2 {[%clk 0:02:59]} 59.
Qa1 {[%clk 0:01:13]} 1-0

[Event "Irena Warakomska Memorial A"]
[Site "Suwalki"]
[Date "2021.08.01"]
[Round "7"]
[White "Backiel, Hubert"]
[Black "Lach, Aleksandra"]
[Result "1/2-1/2"]
[Board "30"]
[WhiteElo "1955"]
[WhiteCountry "POL"]
[WhiteFideId "21838631"]
[WhiteEloChange "6"]
[BlackElo "2183"]
[BlackTitle "WIM"]
[BlackCountry "POL"]
[BlackFideId "1134299"]
[BlackEloChange "-6"]

1. e4 {[%clk 1:29:36]} c5 {[%clk 1:30:46]} 2. Nc3 {[%clk 1:29:47]} Nc6 {[%clk
1:28:13]} 3. Bb5 {[%clk 1:28:46]} g6 {[%clk 1:22:31]} 4. f4 {[%clk 1:24:56]} Bg7
{[%clk 1:17:18]} 5. Nf3 {[%clk 1:24:52]} d6 {[%clk 1:08:32]} 6. O-O {[%clk
1:20:00]} Bd7 {[%clk 0:57:31]} 7. d3 {[%clk 1:16:32]} Nd4 {[%clk 0:51:50]} 8. Bc4
{[%clk 1:16:19]} e6 {[%clk 0:47:58]} 9. Nxd4 {[%clk 1:14:39]} Bxd4+ {[%clk
0:39:54]} 10. Kh1 {[%clk 1:15:03]} Bxc3 {[%clk 0:38:53]} 11. bxc3 {[%clk
1:15:26]} Qc7 {[%clk 0:39:05]} 12. f5 {[%clk 1:04:40]} O-O-O {[%clk 0:29:32]} 13.
fxe6 {[%clk 1:00:41]} Bxe6 {[%clk 0:29:35]} 14. Bg5 {[%clk 0:50:57]} Re8 {[%clk
0:29:40]} 15. Bb5 {[%clk 0:44:03]} Rf8 {[%clk 0:28:36]} 16. d4 {[%clk 0:41:24]}
f5 {[%clk 0:23:58]} 17. e5 {[%clk 0:38:07]} d5 {[%clk 0:19:11]} 18. c4 {[%clk
0:37:09]} h6 {[%clk 0:19:32]} 19. Be3 {[%clk 0:31:01]} Ne7 {[%clk 0:19:55]} 20.
dxc5 {[%clk 0:29:42]} a6 {[%clk 0:15:37]} 21. Ba4 {[%clk 0:29:29]} Rd8 {[%clk
0:15:57]} 22. c3 {[%clk 0:20:22]} dxc4 {[%clk 0:15:46]} 23. Bd4 {[%clk 0:20:44]}
Nd5 {[%clk 0:15:48]} 24. Qe2 {[%clk 0:18:56]} g5 {[%clk 0:12:38]} 25. Qf2 {[%clk
0:13:23]} Nf4 {[%clk 0:12:41]} 26. c6 {[%clk 0:12:21]} Bd5 {[%clk 0:09:19]} 27.
cxb7+ {[%clk 0:12:18]} Qxb7 {[%clk 0:06:40]} 28. Rg1 {[%clk 0:12:44]} Be4 {[%clk
0:06:59]} 29. Bc2 {[%clk 0:11:48]} Nh3 {[%clk 0:04:39]} 30. Qe2 {[%clk 0:12:05]}
Nxg1 {[%clk 0:04:55]} 31. Rxg1 {[%clk 0:12:00]} Bxc2 {[%clk 0:04:34]} 32. Qxc2
{[%clk 0:12:27]} Rhf8 {[%clk 0:02:25]} 33. Bc5 {[%clk 0:07:48]} Qe4 {[%clk
0:01:32]} 34. Qa4 {[%clk 0:07:59]} Rf7 {[%clk 0:02:01]} 35. Qxa6+ {[%clk
0:08:05]} Rb7 {[%clk 0:02:22]} 36. e6 {[%clk 0:06:30]} Re8 {[%clk 0:01:04]} 37.
e7 {[%clk 0:06:08]} Rxe7 {[%clk 0:01:10]} 38. Bxe7 {[%clk 0:06:11]} Qxe7 {[%clk
0:01:38]} 39. Rb1 {[%clk 0:05:34]} Kb8 {[%clk 0:01:37]} 40. Rxb7+ {[%clk
0:33:03]} Qxb7 {[%clk 0:32:06]} 41. Qd6+ {[%clk 0:27:10]} Ka7 {[%clk 0:22:57]}
42. Qa3+ {[%clk 0:23:14]} Qa6 {[%clk 0:20:09]} 43. Qe7+ {[%clk 0:21:23]} Qb7
{[%clk 0:19:37]} 44. Qc5+ {[%clk 0:14:24]} Qb6 {[%clk 0:18:44]} 45. Qe7+ {[%clk
0:13:56]} Ka6 {[%clk 0:14:36]} 46. Qa3+ {[%clk 0:13:47]} Qa5 {[%clk 0:14:33]} 47.
Qb2 {[%clk 0:13:16]} Qe5 {[%clk 0:13:47]} 48. Qd2 {[%clk 0:13:11]} f4 {[%clk
0:12:45]} 49. h3 {[%clk 0:12:33]} h5 {[%clk 0:11:50]} 50. Qc2 {[%clk 0:09:47]}
Ka5 {[%clk 0:06:29]} 51. Qb2 {[%clk 0:09:15]} Qe7 {[%clk 0:05:15]} 52. Qd2 {[%clk
0:09:07]} Ka6 {[%clk 0:03:54]} 53. Qd4 {[%clk 0:09:06]} Qe1+ {[%clk 0:01:40]} 54.
Kh2 {[%clk 0:09:31]} Qg3+ {[%clk 0:02:02]} 55. Kh1 {[%clk 0:09:38]} Qe1+ {[%clk
0:02:29]} 56. Kh2 {[%clk 0:10:03]} Qg3+ {[%clk 0:02:44]} 57. Kh1 {[%clk 0:10:25]}
Qe1+ {[%clk 0:02:39]} 58. Kh2 {[%clk 0:10:49]} 1/2-1/2

[Event "Irena Warakomska Memorial A"]
[Site "Suwalki"]
[Date "2021.08.01"]
[Round "7"]
[White "Kacprzak, Karol"]
[Black "Liberadzki, Slawomir"]
[Result "1/2-1/2"]
[Board "31"]
[WhiteElo "2151"]
[WhiteCountry "POL"]
[WhiteFideId "21819327"]
[WhiteEloChange "-4"]
[BlackElo "2022"]
[BlackCountry "POL"]
[BlackFideId "1123483"]
[BlackEloChange "4"]

1. d4 {[%clk 1:30:57]} d5 {[%clk 1:30:23]} 2. c4 {[%clk 1:31:16]} e6 {[%clk
1:30:32]} 3. Nc3 {[%clk 1:31:35]} Be7 {[%clk 1:30:52]} 4. cxd5 {[%clk 1:26:04]}
exd5 {[%clk 1:31:15]} 5. Bf4 {[%clk 1:21:34]} c6 {[%clk 1:30:14]} 6. Qc2 {[%clk
1:14:35]} Nf6 {[%clk 1:29:51]} 7. h3 {[%clk 1:08:24]} h6 {[%clk 1:25:12]} 8. e3
{[%clk 1:07:51]} Bd6 {[%clk 1:25:13]} 9. Bxd6 {[%clk 1:06:51]} Qxd6 {[%clk
1:25:36]} 10. Bd3 {[%clk 1:06:41]} Be6 {[%clk 1:25:24]} 11. Nge2 {[%clk 1:06:34]}
Nbd7 {[%clk 1:24:08]} 12. O-O-O {[%clk 1:02:40]} c5 {[%clk 1:14:01]} 13. dxc5
{[%clk 0:59:10]} Qxc5 {[%clk 1:11:56]} 14. Nd4 {[%clk 0:55:49]} O-O-O {[%clk
1:06:42]} 15. Kb1 {[%clk 0:52:09]} Kb8 {[%clk 1:05:38]} 16. f4 {[%clk 0:45:34]}
Nb6 {[%clk 1:03:15]} 17. g4 {[%clk 0:44:39]} Rhe8 {[%clk 1:01:07]} 18. Rhe1
{[%clk 0:40:29]} Rc8 {[%clk 0:50:16]} 19. Rc1 {[%clk 0:38:49]} Nc4 {[%clk
0:45:21]} 20. Qf2 {[%clk 0:29:22]} Qb4 {[%clk 0:37:46]} 21. Bxc4 {[%clk 0:21:33]}
Rxc4 {[%clk 0:35:29]} 22. Rc2 {[%clk 0:15:48]} Rec8 {[%clk 0:34:16]} 23. Rec1
{[%clk 0:15:17]} Rxc3 {[%clk 0:29:42]} 24. Rxc3 {[%clk 0:15:41]} Rxc3 {[%clk
0:30:08]} 25. Rxc3 {[%clk 0:16:06]} Ne4 {[%clk 0:30:34]} 26. Qc2 {[%clk 0:16:05]}
Nxc3+ {[%clk 0:30:53]} 27. Qxc3 {[%clk 0:16:34]} Qxc3 {[%clk 0:30:51]} 28. bxc3
{[%clk 0:17:02]} Bd7 {[%clk 0:30:54]} 29. Nf3 {[%clk 0:10:14]} Kc7 {[%clk
0:24:42]} 30. Kc2 {[%clk 0:10:15]} f6 {[%clk 0:25:00]} 31. Kd3 {[%clk 0:06:59]}
Kd6 {[%clk 0:24:38]} 32. Kd4 {[%clk 0:07:15]} h5 {[%clk 0:24:04]} 33. f5 {[%clk
0:04:02]} hxg4 {[%clk 0:23:48]} 34. hxg4 {[%clk 0:04:27]} Ba4 {[%clk 0:20:53]}
35. e4 {[%clk 0:02:58]} dxe4 {[%clk 0:19:24]} 36. Nd2 {[%clk 0:03:25]} Bc2 {[%clk
0:16:34]} 37. Nc4+ {[%clk 0:03:22]} Kc6 {[%clk 0:16:21]} 38. Na5+ {[%clk
0:03:11]} Kc7 {[%clk 0:15:14]} 39. Nc4 {[%clk 0:03:38]} Bd1 {[%clk 0:14:42]} 40.
Ne3 {[%clk 0:33:57]} Bf3 {[%clk 0:44:57]} 41. Kc5 {[%clk 0:31:48]} Kd7 {[%clk
0:42:20]} 42. Kd5 {[%clk 0:30:45]} b6 {[%clk 0:42:02]} 43. c4 {[%clk 0:24:28]} a6
{[%clk 0:41:55]} 44. c5 {[%clk 0:24:36]} bxc5 {[%clk 0:42:19]} 45. Kxc5 {[%clk
0:24:36]} 1/2-1/2